Score 0/7 Timer 04:00
0 Plays Today
Country/ies Kennel Club % Correct
United States of AmericaAmerican Kennel Club (AKC)
100%
United KingdomKennel Club (UK) (KC)
77.8%
CanadaCanadian Kennel Club (CKC)
55.6%
Multi-National OrganistaionFédération Cynologique Internationale (FCI)
55.6%
AustraliaAustralian National Kennel Council (ANKC)
44.4%
Southern AfricaKennel Union of Southern Africa (KUSA)
33.3%
IndiaKennel Club of India (KCI)
33.3%

You're not logged in!

Compare scores with friends on all Sporcle quizzes.
OR
Log In

Sporcle TV

Today on Sporcle TV


Watch our educational content, quiz creation guides, and fun videos on Sporcle TV.

Show Comments

Extras

Top Quizzes Today


Score Distribution

Paid Content

Your Account Isn't Verified!

In order to create a playlist on Sporcle, you need to verify the email address you used during registration. Go to your Sporcle Settings to finish the process.

Report this User

Report this user for behavior that violates our Community Guidelines.

Details: